Pla zonal '20 : xarxa de carreteres locals de la Diputació de Barcelona
Publicado:
Barcelona :
Diputació de Barcelona, Gerència de Serveis d'Infraestructures Viàries i Mobilitat ,
2021
Descripción Física:
11 pàgines : il·lustracions ; 21 cm
Materias:
Carreteres -- Barcelona (Província)
; Carreteres -- Barcelona (Província) -- Disseny i construcció
Idioma:
Catalán
MARC
| LEADER | 00000nam a22000007a 4500 | ||
|---|---|---|---|
| 001 | 25411 | ||
| 008 | 220509b spa||||| |||| 00| 0 cat d | ||
| 080 | |a FU-68-62 | ||
| 245 | |a Pla zonal '20 : xarxa de carreteres locals de la Diputació de Barcelona | ||
| 246 | 3 | 3 | |a Pla zonal 2020 |
| 260 | |a Barcelona : |b Diputació de Barcelona, Gerència de Serveis d'Infraestructures Viàries i Mobilitat, |c 2021 | ||
| 300 | |a 11 pàgines : |b il·lustracions ; |c 21 cm | ||
| 650 | 0 | |a Carreteres |x Barcelona (Província) |9 35728 | |
| 650 | 0 | |a Carreteres |z Barcelona (Província) |x Disseny i construcció |9 42899 | |
| 710 | 1 | |9 52490 |a Barcelona (Catalunya : Província). |b Gerència de Serveis d'Infraestructures Viàries i Mobilitat | |
| 942 | |2 udc |n 1 |c ARXIU | ||
| 952 | |0 0 |1 0 |4 0 |6 FU6862 |7 1 |9 61550 |a Arxiu |b Arxiu |d 2022-05-09 |l 0 |o FU-68-62 |p 25411 |r 2022-05-09 00:00:00 |w 2022-05-09 |y ARXIU | ||
| 999 | |c 81498 |d 81498 | ||